000 00603cam a2200205 a 4500
001 000005142
005 20200929151606.0
008 850214s1980 cu 001 0 spa
040 _aDO-SdBNP
_cDLC
_dDLC
082 _aCu861.44
_bS237e
100 1 _aSantos, Romualdo,
_d1944-
_914717
245 1 0 _aEstar en lo que no se deja /
_cRomualdo Santos.
260 _aLa Habana, Cuba :
_bLetras Cubanas,
_c1980.
300 _a49 p. ;
_c18 cm.
490 1 _aEspiral
650 4 _aPoesìa cubana
_95226
650 4 _aLiteratura cubana
_91483
830 0 _aEspiral.
_914718
910 _aCatalogación por copia / LC
999 _c4945
_d4945